IFM Opac

Corporate Communication: (Record no. 22201)

MARC details
000 -LEADER
fixed length control field 00331nam a22001217a 4500
020 ## - INTERNATIONAL STANDARD BOOK NUMBER
ISBN 978-0-19-806365-0
082 ## - DEWEY DECIMAL CLASSIFICATION NUMBER
Classification number 658.45
100 ## - MAIN ENTRY--AUTHOR NAME
Personal name Jethwaney, Jaishri
245 ## - TITLE STATEMENT
Title Corporate Communication:
Sub Title Principles and Practice
260 ## - PUBLICATION, DISTRIBUTION, ETC. (IMPRINT)
Place of publication New Delhi:
Name of publisher Oxford University Press,
Year of publication 2010
300 ## - PHYSICAL DESCRIPTION
Number of Pages xi, 432p.: ill.; 24cm
942 ## - ADDED ENTRY ELEMENTS (KOHA)
Koha item type Books
Holdings
Withdrawn status Lost status Damaged status Not for loan Collection code Permanent Location Current Location Shelving location Date acquired Source of acquisition Full call number Accession Number Price effective from Koha item type
        Non-fiction IFM Main Campus Library IFM Main Campus Library Work Room processing 01/22/2026 Purchased 658.45 JET 0000023516 01/22/2026 Books
        Non-fiction IFM Main Campus Library IFM Main Campus Library Work Room processing 01/26/2026 Purchased 658.45 JET 0000023517 01/26/2026 Books